Star Wars Trivia: Prequel Trilogy - Statistics

General Stats
  • This quiz has been taken 128 times
  • The average score is 13 of 25
Answer Stats
Question Answer % Correct
Who does Mace Windu believe is too dangerous to be kept alive? Palpatine
84%
During the Battle of Naboo, who kills Qui-Gon Jinn? Darth Maul
76%
Other than C-3PO, who is witness to the secret marriage of Anakin Skywalker and Padmé Amidala? R2-D2
73%
Which organisation imposes a blockade upon the planet of Naboo due to a taxation dispute? Trade Federation
72%
Who does General Grievous claim trained him in the Jedi arts? Count Dooku
71%
Which executive order of Supreme Chancellor Palpatine requires the Clone Army to eradicate the Jedi Order? Order 66
70%
Darth Vader tells Obi-Wan Kenobi that he seeks to bring order to his new...what? Empire
69%
Who does Bail Organa adopt following her birth shortly after the creation of the Galactic Empire? Leia
69%
Archduke Poggle the Lesser entrusts plans for what weapon to Count Dooku during the first Battle of Geonosis? Death Star
68%
With what species does Master Yoda claim to have good relations? Wookies
66%
How many monsters are set upon the prisoners in the Geonosian arena prior to the first Battle of Geonosis? 3
65%
Who is the Supreme Chancellor of the Galactic Republic during the beginning of the invasion of Naboo? Chancellor Valorum
62%
Which Jedi orders the Clone Army to form a perimeter around the survivors at the first Battle of Geonosis? Yoda
55%
Who moves the motion in the Galactic Senate to grant emergency powers to Supreme Chancellor Palpatine shortly before the opening of the Clone Wars? Jar-Jar Binks
54%
What form of currency does the junk-dealer Watto refuse to accept when offered by Qui-Gon Jinn? Republic Credits
52%
Who recovers Obi-Wan Kenobi's lightsaber, before returning it to him, on Utapau? Commander Cody
51%
Count Dooku believes that Anakin Skywalker possesses twice the pride he did on Geonosis when they clash above Coruscant, but he states that this will result in what? Double the fall
48%
Upon what planet are the leaders of the Separatist Council based when General Grievous commands them to move to Mustafar? Utapau
48%
Which part of C-3PO becomes attached to the torso of a B1 Battle Droid during the first Battle of Geonosis? His head
40%
How many units have the Kaminoans readied for battle when Obi-Wan Kenobi visits their Clone production facility? 200,000
35%
Who identifies the Kamino saber dart used to kill Zam Wessel for Obi-Wan Kenobi? Dexter Jettster
32%
Which annual podrace did Anakin Skywalker win, securing his freedom and acquiring the necessary parts sought by Qui-Gon Jinn? Boonta Eve Classic
26%
What is the name of Padmé Amidala's decoy, who is killed by explosives on Coruscant? Cordé
24%
Other than his lightsabers, what melee weapon does General Grievous use during his duel with Obi-Wan Kenobi? Electrostaff
21%
San Hill promises Count Dooku that which organisation will sign his treaty, thus becoming a founding body of the Confederacy of Independent Systems? InterGalactic Banking Clan
17%
No matching quizzes found
Score Distribution
Percent of People with Each Score
Percentile by Number Answered
Your Score History
You have not taken this quiz